[Event "CYCC U14 w"]
[Site "Victoria CAN"]
[Date "2009.07.23"]
[Round "5"]
[White "Yun, Chang"]
[Black "Yu, Kexin"]
[Result "1/2-1/2"]
[WhiteElo "1174"]
[BlackElo "1384"]
[PlyCount "57"]
[GameId "2160767910093867"]
[EventDate "2009.07.21"]
[EventType "swiss"]
[EventRounds "7"]
[EventCountry "CAN"]
[SourceTitle "hb 2009.10"]

1. e4 e5 2. Nf3 Nc6 3. d4 exd4 4. Bc4 Nf6 5. O-O Bc5 6. e5 d5 7. exd6 Qxd6 8. Re1+ Be6 9. Ng5 Nd8 10. Qe2 O-O 11. Nxe6 Nxe6 12. Bxe6 fxe6 13. Qxe6+ Qxe6 14. Rxe6 Rae8 15. Rxe8 Rxe8 16. Kf1 Bb4 17. Bd2 Bc5 18. Bg5 Ne4 19. Bd2 d3 20. f3 dxc2 21. fxe4 cxb1=Q+ 22. Rxb1 Rxe4 23. Bc3 Rf4+ 24. Ke1 Rf2 25. Rd1 Bb6 26. Rd8+ Rf8 27. Rd7 Rf7 28. Rd8+ Rf8 29. Rd7 1/2-1/2

[Event "CYCC U14 w"]
[Site "Victoria CAN"]
[Date "2009.07.23"]
[Round "6"]
[White "Botez, Alexandra"]
[Black "Yun, Chang"]
[Result "1-0"]
[WhiteElo "1883"]
[BlackElo "1174"]
[PlyCount "143"]
[GameId "2160767910093868"]
[EventDate "2009.07.21"]
[EventType "swiss"]
[EventRounds "7"]
[EventCountry "CAN"]
[SourceTitle "EXT 2011"]
[Source "ChessBase"]
[SourceDate "2011.11.26"]
[SourceVersion "1"]
[SourceVersionDate "2011.11.26"]
[SourceQuality "1"]

1. d4 Nf6 2. c4 g6 3. Nc3 Bg7 4. e4 d6 5. f3 O-O 6. Bd3 Nc6 7. Nge2 e5 8. d5 Ne7 9. Be3 Bd7 10. O-O Ne8 11. b4 f5 12. c5 f4 13. Bf2 g5 14. Nc1 Nf6 15. Be2 Qe8 16. a4 a6 17. Nb3 Qg6 18. Nd2 g4 19. fxg4 Nxg4 20. Bf3 h5 21. Nc4 Nxf2 22. Kxf2 Bg4 23. h3 Bxf3 24. Qxf3 Rf6 25. cxd6 cxd6 26. Nb6 Rd8 27. a5 Nc8 28. Nca4 Nxb6 29. Nxb6 h4 30. Rac1 Rf7 31. Rc2 Bh6 32. Rfc1 Rg7 33. Kf1 Kh7 34. Rc7 Rdg8 35. R1c2 Qg3 36. Qxg3 fxg3 37. Ke2 Rf8 38. Kd3 Rf2 39. Rxg7+ Kxg7 40. Rxf2 gxf2 41. Ke2 Bc1 42. Nc4 Kf6 43. Nxd6 Ba3 44. Nxb7 Bxb4 45. Kxf2 Kg5 46. d6 Kf6 47. d7 Be7 48. d8=Q Bxd8 49. Nxd8 Ke7 50. Nc6+ Kd6 51. Nb4 Kc5 52. Nxa6+ Kb5 53. Nb4 Kxa5 54. Nc6+ Kb5 55. Nxe5 Kc5 56. Ng6 Kd4 57. Kf3 Kd3 58. e5 Kd2 59. e6 Kd3 60. e7 Kd4 61. e8=Q Kd5 62. Nf4+ Kd6 63. Qe6+ Kc5 64. Qd7 Kc4 65. Qd6 Kc3 66. Qd5 Kc2 67. Qd4 Kc1 68. Ne2+ Kb1 69. Qd2 Ka1 70. Ke3 Kb1 71. Nc3+ Ka1 72. Qa2# 1-0

[Event "CYCC U14 w"]
[Site "Victoria CAN"]
[Date "2009.07.23"]
[Round "6"]
[White "Ding, Jill"]
[Black "Fang, Tina"]
[Result "0-1"]
[WhiteElo "1173"]
[BlackElo "1431"]
[PlyCount "94"]
[GameId "2160767910093869"]
[EventDate "2009.07.21"]
[EventType "swiss"]
[EventRounds "7"]
[EventCountry "CAN"]
[SourceTitle "EXT 2011"]
[Source "ChessBase"]
[SourceDate "2011.11.26"]
[SourceVersion "1"]
[SourceVersionDate "2011.11.26"]
[SourceQuality "1"]

1. e4 c5 2. b3 Nc6 3. Bb2 d6 4. Bb5 Bd7 5. f4 Nf6 6. d3 a6 7. Bxc6 Bxc6 8. Nf3 e6 9. O-O Be7 10. Nbd2 O-O 11. Qe1 Re8 12. Qh4 Nxe4 13. Qg4 Nf6 14. Qh3 h6 15. Rae1 Nd5 16. a3 Nxf4 17. Qg4 Ng6 18. Ne4 Bxe4 19. Rxe4 Bf6 20. Bc1 d5 21. Re2 Rc8 22. Ne1 b5 23. Ref2 Bd4 24. Qf3 Bxf2+ 25. Rxf2 Qe7 26. c3 c4 27. dxc4 dxc4 28. b4 Rcd8 29. Nc2 Rd3 30. Qh5 Qh4 31. Qe2 Rxc3 32. Bb2 Rd3 33. Ne1 Rdd8 34. Nf3 Qe7 35. Nd2 Qd7 36. Ne4 Qd1+ 37. Qxd1 Rxd1+ 38. Rf1 Rxf1+ 39. Kxf1 Nf4 40. Nc5 Nd3 41. Nxd3 cxd3 42. Bc1 e5 43. Kf2 Rc8 44. Bd2 Rc2 45. Ke3 e4 46. g3 f5 47. h4 Kf7 0-1

[Event "CYCC U14 w"]
[Site "Victoria CAN"]
[Date "2009.07.23"]
[Round "6"]
[White "Kalaydina, Regina Veronicka"]
[Black "Zhang, Wenyue"]
[Result "1-0"]
[WhiteElo "1824"]
[BlackElo "1351"]
[PlyCount "111"]
[GameId "2160767910093870"]
[EventDate "2009.07.21"]
[EventType "swiss"]
[EventRounds "7"]
[EventCountry "CAN"]
[SourceTitle "EXT 2011"]
[Source "ChessBase"]
[SourceDate "2011.11.26"]
[SourceVersion "1"]
[SourceVersionDate "2011.11.26"]
[SourceQuality "1"]

1. e4 c5 2. Nf3 d6 3. d4 cxd4 4. Nxd4 Nf6 5. f3 Nc6 6. c4 g6 7. Nc3 Bg7 8. Be3 O-O 9. Be2 Bd7 10. O-O Rc8 11. Qd2 Ne5 12. b3 a6 13. Rac1 Nc6 14. a4 Nxd4 15. Bxd4 Rc6 16. b4 Be6 17. Nd5 Bxd5 18. cxd5 Rxc1 19. Rxc1 e5 20. Be3 Nd7 21. Qc2 Qb8 22. Qc7 Nf6 23. Qb6 Nd7 24. Qc7 Nf6 25. a5 h5 26. Bb6 Bh6 27. Rc2 Kg7 28. Bd3 Bf4 29. Qxb8 Rxb8 30. Bc7 Re8 31. Bxd6 Be3+ 32. Kf1 Ra8 33. Bxe5 b5 34. axb6 Bxb6 35. Bxf6+ Kxf6 36. Rc6+ Kg7 37. Rxb6 a5 38. Ra6 Rxa6 39. Bxa6 axb4 40. e5 Kf8 41. Ke2 b3 42. Kd3 b2 43. Kc2 b1=Q+ 44. Kxb1 Ke7 45. d6+ Kd8 46. Bc4 Ke8 47. Kc2 g5 48. Bb5+ Kd8 49. d7 Ke7 50. Kd3 Kd8 51. Ke4 g4 52. fxg4 hxg4 53. Kf4 Ke7 54. Kxg4 Kd8 55. h4 Ke7 56. h5 1-0

[Event "CYCC U14 w"]
[Site "Victoria CAN"]
[Date "2009.07.23"]
[Round "6"]
[White "Kudlak, Kathryn"]
[Black "Schwab, Katerina"]
[Result "0-1"]
[WhiteElo "709"]
[BlackElo "1128"]
[PlyCount "52"]
[GameId "2160767910093871"]
[EventDate "2009.07.21"]
[EventType "swiss"]
[EventRounds "7"]
[EventCountry "CAN"]
[SourceTitle "hb 2009.10"]

1. e4 e5 2. Nf3 Nc6 3. Bc4 Nd4 4. O-O Nxf3+ 5. gxf3 Qg5+ 6. Kh1 d6 7. Rg1 Qf6 8. d3 g6 9. Bb5+ c6 10. Ba4 Be6 11. b4 Ne7 12. b5 Bg7 13. bxc6 bxc6 14. c3 O-O 15. d4 exd4 16. cxd4 Qxd4 17. Qxd4 Bxd4 18. Rd1 Bxa1 19. Rxd6 Rad8 20. Rxd8 Rxd8 21. Nd2 Bh3 22. e5 Rd5 23. f4 Bxe5 24. fxe5 Rxe5 25. Kg1 Re1+ 26. Nf1 Rxf1# 0-1

[Event "CYCC U14 w"]
[Site "Victoria CAN"]
[Date "2009.07.23"]
[Round "6"]
[White "Powell, Ashley"]
[Black "Hemmings, Sydney"]
[Result "1-0"]
[WhiteElo "1300"]
[BlackElo "981"]
[PlyCount "153"]
[GameId "2160767910093872"]
[EventDate "2009.07.21"]
[EventType "swiss"]
[EventRounds "7"]
[EventCountry "CAN"]
[SourceTitle "EXT 2011"]
[Source "ChessBase"]
[SourceDate "2011.11.26"]
[SourceVersion "1"]
[SourceVersionDate "2011.11.26"]
[SourceQuality "1"]

1. e4 d6 2. d4 g6 3. Nf3 Bg7 4. Nc3 e6 5. Bg5 Qd7 6. Bb5 c6 7. Ba4 e5 8. d5 Nf6 9. Bxf6 Bxf6 10. O-O O-O 11. dxc6 bxc6 12. Nd5 Bg7 13. Qd2 Qd8 14. Nc3 Ba6 15. Rfd1 Re8 16. Qxd6 Qxd6 17. Rxd6 Bf8 18. Rd2 Rc8 19. Ne2 Bh6 20. Rd6 Bxe2 21. Re1 Bb5 22. Bxb5 cxb5 23. Nxe5 Bf8 24. Rd5 Nc6 25. Nxc6 Rxc6 26. Rxb5 Rc4 27. c3 a6 28. Rb6 Rc5 29. a4 Ra5 30. e5 Rb5 31. Rxb5 axb5 32. e6 Rd8 33. h3 Re8 34. exf7+ Kxf7 35. Rd1 Bh6 36. Rd7+ Kg8 37. Rb7 Bf8 38. Rxb5 Bd6 39. Kf1 Bb8 40. Ra5 Bc7 41. Ra7 Bb6 42. Rb7 Bc5 43. b4 Be7 44. c4 Bf6 45. c5 Bc3 46. g4 Re1+ 47. Kg2 Bd4 48. Rd7 Re4 49. c6 Rf4 50. Kg3 Rf8 51. c7 Bf6 52. Rd3 Be5+ 53. Kg2 Bxc7 54. a5 Rb8 55. Rc3 Be5 56. Rb3 Bd6 57. b5 Ra8 58. a6 Ra7 59. Rd3 Bc5 60. Rc3 Rc7 61. b6 Bxb6 62. Rxc7 Bxc7 63. a7 h5 64. a8=Q+ Kg7 65. Qb7 hxg4 66. Qxc7+ Kh6 67. hxg4 Kg5 68. Qe5+ Kxg4 69. Qg3+ Kf5 70. Qf3+ Kg5 71. Kg3 Kh6 72. Kg4 g5 73. Qf6+ Kh7 74. Qxg5 Kh8 75. Kf5 Kh7 76. Kf6 Kh8 77. Qg7# 1-0

[Event "CYCC U14 w"]
[Site "Victoria CAN"]
[Date "2009.07.23"]
[Round "7"]
[White "Ding, Jill"]
[Black "Kalaydina, Regina Veronicka"]
[Result "0-1"]
[WhiteElo "1173"]
[BlackElo "1824"]
[PlyCount "104"]
[GameId "2160767910093873"]
[EventDate "2009.07.21"]
[EventType "swiss"]
[EventRounds "7"]
[EventCountry "CAN"]
[SourceTitle "EXT 2011"]
[Source "ChessBase"]
[SourceDate "2011.11.26"]
[SourceVersion "1"]
[SourceVersionDate "2011.11.26"]
[SourceQuality "1"]

1. e4 c5 2. b3 d6 3. Bb2 e6 4. f4 Nf6 5. Bb5+ Bd7 6. Bxd7+ Nbxd7 7. d3 Be7 8. Nf3 O-O 9. O-O Qc7 10. Nbd2 d5 11. f5 exf5 12. exf5 d4 13. Qe1 Rfe8 14. Qh4 Nd5 15. Qh3 Ne3 16. Rfc1 Qf4 17. Nc4 Qxf5 18. Qg3 Nxc4 19. bxc4 Nf6 20. Rf1 Qg4 21. Qxg4 Nxg4 22. Rae1 Ne3 23. Rf2 Bf6 24. Rfe2 Re7 25. Bc1 Rae8 26. Kf2 Ng4+ 27. Kf1 Rxe2 28. Rxe2 Rxe2 29. Kxe2 Kf8 30. h3 Ne5 31. Nxe5 Bxe5 32. Kf3 f5 33. g4 fxg4+ 34. hxg4 Kf7 35. Ke4 Ke6 36. g5 a6 37. a4 g6 38. Bd2 Kd6 39. Kf3 Kc6 40. a5 Bc7 41. Ke4 b5 42. axb6 Bxb6 43. Ke5 a5 44. Kf6 a4 45. Bc1 Kd6 46. Kg7 Ke6 47. Kxh7 Kf5 48. Kg7 Bd8 49. Kh6 Be7 50. Bb2 Bxg5+ 51. Kh7 Bd2 52. Ba3 Bb4 0-1

[Event "CYCC U14 w"]
[Site "Victoria CAN"]
[Date "2009.07.23"]
[Round "7"]
[White "Fang, Tina"]
[Black "Powell, Ashley"]
[Result "1-0"]
[WhiteElo "1431"]
[BlackElo "1300"]
[PlyCount "61"]
[GameId "2160767910093874"]
[EventDate "2009.07.21"]
[EventType "swiss"]
[EventRounds "7"]
[EventCountry "CAN"]
[SourceTitle "EXT 2011"]
[Source "ChessBase"]
[SourceDate "2011.11.26"]
[SourceVersion "1"]
[SourceVersionDate "2011.11.26"]
[SourceQuality "1"]

1. d4 Nf6 2. c4 g6 3. Nc3 Bg7 4. Nf3 d6 5. e3 O-O 6. Be2 c5 7. O-O Nc6 8. d5 Ne5 9. Nxe5 dxe5 10. e4 e6 11. Be3 Qd7 12. Bxc5 b6 13. Bxf8 Bxf8 14. Rc1 Bh6 15. Rc2 Qe8 16. Qd3 Bd7 17. dxe6 Bxe6 18. Nd5 Rd8 19. Nxf6+ Kf8 20. Nxe8 Rxd3 21. Bxd3 Kxe8 22. c5 bxc5 23. Rxc5 Bxa2 24. Rxe5+ Kf8 25. Ra5 Be6 26. Rxa7 Bg7 27. Rb1 h5 28. b4 Be5 29. b5 Bd4 30. Ra8+ Kg7 31. Kf1 1-0

[Event "CYCC U14 w"]
[Site "Victoria CAN"]
[Date "2009.07.23"]
[Round "7"]
[White "Zhang, Wenyue"]
[Black "Kudlak, Kathryn"]
[Result "1-0"]
[WhiteElo "1351"]
[BlackElo "709"]
[PlyCount "25"]
[GameId "2160767910093875"]
[EventDate "2009.07.21"]
[EventType "swiss"]
[EventRounds "7"]
[EventCountry "CAN"]
[SourceTitle "EXT 2011"]
[Source "ChessBase"]
[SourceDate "2011.11.26"]
[SourceVersion "1"]
[SourceVersionDate "2011.11.26"]
[SourceQuality "1"]

1. e4 Nc6 2. Nf3 e5 3. Bc4 Bb4 4. O-O Nge7 5. c3 Bc5 6. d4 exd4 7. cxd4 Nxd4 8. Nxd4 Bxd4 9. Qxd4 O-O 10. b3 b5 11. Bxb5 f5 12. Bb2 g6 13. Qg7# 1-0

[Event "CYCC U14 w"]
[Site "Victoria CAN"]
[Date "2009.07.24"]
[Round "7"]
[White "Schwab, Katerina"]
[Black "Hemmings, Sydney"]
[Result "1-0"]
[WhiteElo "1128"]
[BlackElo "981"]
[PlyCount "104"]
[GameId "2160767910093876"]
[EventDate "2009.07.21"]
[EventType "swiss"]
[EventRounds "7"]
[EventCountry "CAN"]
[SourceTitle "hb 2009.10"]

1. d4 Nf6 2. Nc3 g6 3. e4 Nh5 4. Be3 Bg7 5. Qd2 O-O 6. O-O-O d6 7. Be2 Nf6 8. e5 dxe5 9. dxe5 Qxd2+ 10. Rxd2 Ng4 11. Bxg4 Bxg4 12. h3 Bd7 13. Nf3 b5 14. Nd5 Nc6 15. Nxc7 Rab8 16. Rxd7 Nxe5 17. Nxe5 Bxe5 18. Rxe7 Bxc7 19. Rxc7 a5 20. Rd1 Rbc8 21. Rxc8 Rxc8 22. Bb6 Rf8 23. Rd8 a4 24. Rxf8+ Kxf8 25. Bc5+ Ke8 26. Kd2 Kd7 27. Kc3 Kc6 28. Kb4 h6 29. b3 axb3 30. axb3 f6 31. c4 bxc4 32. Kxc4 Kb7 33. Kb5 g5 34. b4 h5 35. Be7 g4 36. Bxf6 gxh3 37. gxh3 Ka7 38. f4 Kb7 39. Bd4 Kc7 40. Ka6 Kd6 41. Bc5+ Ke6 42. b5 Kf5 43. b6 Ke4 44. b7 Kf5 45. b8=Q Ke4 46. Qd6 Kf5 47. Bf2 Ke4 48. Qe5+ Kd3 49. Kb5 Kc2 50. Qe3 Kd1 51. Kc4 h4 52. f5 Kc2 1-0

[Event "CYCC U14 w"]
[Site "Victoria CAN"]
[Date "2009.07.24"]
[Round "7"]
[White "Yu, Kexin"]
[Black "Botez, Alexandra"]
[Result "0-1"]
[WhiteElo "1384"]
[BlackElo "1883"]
[PlyCount "84"]
[GameId "2160767910093877"]
[EventDate "2009.07.21"]
[EventType "swiss"]
[EventRounds "7"]
[EventCountry "CAN"]
[SourceTitle "hb 2009.10"]

1. c4 Nf6 2. Nc3 g6 3. Nf3 Bg7 4. d4 d6 5. e4 O-O 6. Bd3 e5 7. d5 Nbd7 8. Be3 a5 9. Qd2 Nc5 10. Bxc5 dxc5 11. Nxe5 Nxe4 12. Nxe4 Bxe5 13. Nxc5 Bd6 14. Na4 Qe8+ 15. Qe2 Qxa4 16. O-O Re8 17. Qd2 Qb4 18. Qc2 Bd7 19. h4 Be5 20. Rab1 Qe7 21. g3 f5 22. Rfe1 Qf6 23. f4 Bd4+ 24. Kg2 Rxe1 25. Rxe1 Re8 26. Rf1 Re3 27. b3 Qe7 28. Kh3 Re1 29. Qg2 Rxf1 30. Qxf1 Qe3 31. Kg2 Qd2+ 32. Qe2 Qxe2+ 33. Bxe2 Kf7 34. Kh3 Ke7 35. g4 fxg4+ 36. Bxg4 Bxg4+ 37. Kxg4 Kf6 38. a3 Bc5 39. a4 h5+ 40. Kf3 Kf5 41. Kg3 Ke4 42. Kg2 Kxf4 0-1

[Event "CYCC U16"]
[Site "Victoria CAN"]
[Date "2009.07.21"]
[Round "1"]
[White "Calugar, Arthur"]
[Black "Huang, Richard"]
[Result "1-0"]
[WhiteElo "2224"]
[BlackElo "2043"]
[PlyCount "77"]
[GameId "2160767910093878"]
[EventDate "2009.07.21"]
[EventType "swiss"]
[EventRounds "7"]
[EventCountry "CAN"]
[SourceTitle "EXT 2011"]
[Source "ChessBase"]
[SourceDate "2011.11.26"]
[SourceVersion "1"]
[SourceVersionDate "2011.11.26"]
[SourceQuality "1"]

1. Nf3 d5 2. b3 Bg4 3. Bb2 Nd7 4. g3 Bxf3 5. exf3 Ngf6 6. f4 e6 7. Bg2 Bd6 8. d3 O-O 9. O-O e5 10. fxe5 Bxe5 11. d4 Bd6 12. Nd2 Re8 13. c4 c6 14. Re1 Re7 15. Qc2 Qe8 16. Kf1 Rxe1+ 17. Rxe1 Qf8 18. cxd5 Nxd5 19. Qf5 N7f6 20. Ne4 Bb4 21. Re2 Nxe4 22. Bxe4 g6 23. Qf3 Rd8 24. h4 Qd6 25. h5 Qd7 26. Kg2 Bf8 27. Bc1 f5 28. Bd3 Bg7 29. Bg5 Re8 30. Rxe8+ Qxe8 31. hxg6 hxg6 32. g4 Bxd4 33. gxf5 gxf5 34. Qxf5 Qf7 35. Qg4 Qxf2+ 36. Kh3 Bg7 37. Qe6+ Kh8 38. Qe8+ Bf8 39. Qh5+ 1-0

[Event "CYCC U16"]
[Site "Victoria CAN"]
[Date "2009.07.21"]
[Round "1"]
[White "Kleinman, Michael"]
[Black "Parker, Dylan"]
[Result "1-0"]
[WhiteElo "2121"]
[BlackElo "1574"]
[PlyCount "33"]
[GameId "2160767910093879"]
[EventDate "2009.07.21"]
[EventType "swiss"]
[EventRounds "7"]
[EventCountry "CAN"]
[SourceTitle "EXT 2011"]
[Source "ChessBase"]
[SourceDate "2011.11.26"]
[SourceVersion "1"]
[SourceVersionDate "2011.11.26"]
[SourceQuality "1"]

1. e4 e5 2. Nf3 Nc6 3. Bc4 Bc5 4. c3 Qe7 5. d4 exd4 6. O-O Ne5 7. Nxe5 Qxe5 8. f4 dxc3+ 9. Kh1 cxb2 10. fxe5 bxa1=Q 11. Qd5 Kd8 12. Qxc5 Ne7 13. Rxf7 Ng6 14. Bg5+ Ke8 15. Re7+ Kf8 16. Qf2+ Nf4 17. Qxf4# 1-0

[Event "CYCC U16"]
[Site "Victoria CAN"]
[Date "2009.07.21"]
[Round "1"]
[White "Lazo, Jan Edmund"]
[Black "MacKinnon, Keith"]
[Result "0-1"]
[WhiteElo "1990"]
[BlackElo "2241"]
[PlyCount "42"]
[GameId "2160767910093880"]
[EventDate "2009.07.21"]
[EventType "swiss"]
[EventRounds "7"]
[EventCountry "CAN"]
[SourceTitle "EXT 2011"]
[Source "ChessBase"]
[SourceDate "2011.11.26"]
[SourceVersion "1"]
[SourceVersionDate "2011.11.26"]
[SourceQuality "1"]

1. e4 d5 2. exd5 Qxd5 3. Nc3 Qd6 4. d4 Nf6 5. Nf3 c6 6. Ne5 Nbd7 7. Bf4 Nd5 8. Nxd5 Qxd5 9. c4 Qe4+ 10. Be3 Nxe5 11. dxe5 Qxe5 12. Qd2 Bf5 13. Rd1 g6 14. Qb4 Bh6 15. Be2 Bxe3 16. fxe3 Qxe3 17. Rf1 O-O 18. Rf3 Qg1+ 19. Bf1 Bg4 20. Rdd3 Bxf3 21. Rxf3 Qxh2 0-1

[Event "CYCC U16"]
[Site "Victoria CAN"]
[Date "2009.07.21"]
[Round "1"]
[White "Nadeau, Emmanuel"]
[Black "Rakov, Pavel"]
[Result "0-1"]
[WhiteElo "1734"]
[BlackElo "2147"]
[PlyCount "120"]
[GameId "2160767910093881"]
[EventDate "2009.07.21"]
[EventType "swiss"]
[EventRounds "7"]
[EventCountry "CAN"]
[SourceTitle "hb 2009.10"]

1. d4 d5 2. c4 c6 3. Nc3 Nf6 4. Bg5 e6 5. e3 Nbd7 6. Nf3 Bd6 7. Bd3 O-O 8. O-O h6 9. Bh4 dxc4 10. Bxc4 b5 11. Bd3 Bb7 12. Rc1 a6 13. Qe2 Qb6 14. Ne4 Nxe4 15. Bxe4 c5 16. Bxb7 Qxb7 17. dxc5 Nxc5 18. Rfd1 Ne4 19. Nd2 Be5 20. Qf3 Nd6 21. Qxb7 Nxb7 22. b4 Rfc8 23. Nb3 Bd6 24. a3 Rc4 25. Rxc4 bxc4 26. Nd4 a5 27. Nc6 axb4 28. axb4 g5 29. Bg3 Bf8 30. f3 Ra6 31. Nd8 Nd6 32. Rc1 Be7 33. Bxd6 Rxd6 34. Nb7 Rb6 35. Na5 Bxb4 36. Nxc4 Rc6 37. Kf2 Bd6 38. g3 Bc5 39. Rd1 Ra6 40. Ke2 Kg7 41. g4 Kf6 42. Kf2 Ra4 43. Rc1 Ra2+ 44. Kg3 Re2 45. Rc3 Bb4 46. Rc1 Be1+ 47. Kh3 Bf2 48. e4 Ba7 49. Rd1 Rf2 50. Kg3 Rc2 51. e5+ Kg6 52. Nd6 Be3 53. Rh1 Bf4+ 54. Kh3 Bxe5 55. Ne4 f5 56. gxf5+ exf5 57. Ng3 h5 58. Re1 g4+ 59. fxg4 fxg4+ 60. Kh4 Rxh2# 0-1

[Event "CYCC U16"]
[Site "Victoria CAN"]
[Date "2009.07.21"]
[Round "1"]
[White "Sapozhnikov, Roman"]
[Black "Prysiazny, Michael"]
[Result "1-0"]
[WhiteElo "2358"]
[BlackElo "2007"]
[PlyCount "111"]
[GameId "2160767910093882"]
[EventDate "2009.07.21"]
[EventType "swiss"]
[EventRounds "7"]
[EventCountry "CAN"]
[SourceTitle "EXT 2011"]
[Source "ChessBase"]
[SourceDate "2011.11.26"]
[SourceVersion "1"]
[SourceVersionDate "2011.11.26"]
[SourceQuality "1"]

1. e4 e5 2. Nf3 Nc6 3. Bb5 a6 4. Ba4 Nf6 5. O-O Be7 6. Re1 b5 7. Bb3 O-O 8. c3 d5 9. d4 exd4 10. e5 Ne4 11. cxd4 Bg4 12. Nc3 Bb4 13. Re3 Bxc3 14. bxc3 Ng5 15. Qf1 Bxf3 16. gxf3 Na5 17. f4 Ne6 18. Rg3 Nxb3 19. axb3 f5 20. Be3 c6 21. Qh3 Qd7 22. Qg2 Rf7 23. h4 Kh8 24. h5 Qb7 25. Kh2 Rd8 26. b4 Rg8 27. Rh1 Ra8 28. Ra1 Rg8 29. f3 Ra8 30. Qh3 Qe7 31. Rg2 Ra7 32. Rga2 Qb7 33. Kh1 Kg8 34. Ra3 Kh8 35. Qh2 Kg8 36. Qa2 Nc7 37. Bf2 Rf8 38. Bh4 Kh8 39. Be7 Rfa8 40. Bc5 Ne6 41. Bxa7 Rxa7 42. Rxa6 Rxa6 43. Qxa6 Qf7 44. Qc8+ Nf8 45. Ra8 Kg8 46. Qe8 Qxe8 47. Rxe8 Kf7 48. Rc8 Ne6 49. Rxc6 Nxf4 50. Rc7+ Kf8 51. Rc5 Ne2 52. Rxb5 Nxc3 53. Rc5 Ne2 54. b5 Ng3+ 55. Kh2 Nf1+ 56. Kg1 1-0

[Event "CYCC U16"]
[Site "Victoria CAN"]
[Date "2009.07.21"]
[Round "1"]
[White "Szalay, Karoly"]
[Black "Fan, Brendan"]
[Result "1-0"]
[WhiteElo "2273"]
[BlackElo "2006"]
[PlyCount "51"]
[GameId "2160767910093883"]
[EventDate "2009.07.21"]
[EventType "swiss"]
[EventRounds "7"]
[EventCountry "CAN"]
[SourceTitle "hb 2009.10"]

1. e4 c5 2. Nf3 d6 3. d4 cxd4 4. Nxd4 Nf6 5. Nc3 Bd7 6. Bg5 e6 7. f3 a6 8. a4 Nc6 9. Qd2 h6 10. Be3 d5 11. exd5 exd5 12. Bd3 Bb4 13. O-O Qc7 14. Rfe1 O-O-O 15. Qf2 Rdg8 16. Re2 Bd6 17. g3 h5 18. Ndb5 axb5 19. axb5 Nb8 20. Bb6 Bxg3 21. hxg3 Qd6 22. Bc5 Qc7 23. b6 Qd8 24. Be7 Qe8 25. Qc5+ Bc6 26. Qd6 1-0

[Event "CYCC U16"]
[Site "Victoria CAN"]
[Date "2009.07.21"]
[Round "1"]
[White "Wang, Jesse BJ"]
[Black "Martchenko, Alexander"]
[Result "0-1"]
[WhiteElo "1980"]
[BlackElo "2302"]
[PlyCount "68"]
[GameId "2160767910093884"]
[EventDate "2009.07.21"]
[EventType "swiss"]
[EventRounds "7"]
[EventCountry "CAN"]

1. e4 d5 2. exd5 Nf6 3. d4 Nxd5 4. Be2 g6 5. Nf3 Bg7 6. O-O O-O 7. Na3 Nc6 8. c4 Nb6 9. d5 Ne5 10. Nxe5 Bxe5 11. Nc2 e6 12. Ne3 exd5 13. cxd5 Qd6 14. h3 Rd8 15. Bf3 Qf6 16. Qe2 Re8 17. Kh1 h5 18. a4 Bd7 19. a5 Nc8 20. Ra3 Nd6 21. Rb3 a6 22. Re1 Bb5 23. Qd2 Rad8 24. Ra3 Bf4 25. Qc3 Be5 26. Qc2 Re7 27. b3 Rde8 28. Nc4 Bc3 29. Rxe7 Rxe7 30. Be3 Nf5 31. Qd3 Nxe3 32. fxe3 Bb4 33. Ra2 Bd6 34. Re2 Qa1+ 0-1

[Event "CYCC U16"]
[Site "Victoria CAN"]
[Date "2009.07.21"]
[Round "1"]
[White "Wu, Allan"]
[Black "Sundar, Avinaash"]
[Result "1/2-1/2"]
[WhiteElo "1910"]
[BlackElo "2238"]
[PlyCount "73"]
[GameId "2160767910093885"]
[EventDate "2009.07.21"]
[EventType "swiss"]
[EventRounds "7"]
[EventCountry "CAN"]

1. d4 Nf6 2. c4 g6 3. Nc3 Bg7 4. e4 d6 5. Nf3 O-O 6. h3 c6 7. Be3 Nbd7 8. Be2 Qc7 9. Qd2 a6 10. O-O e5 11. d5 c5 12. a3 Nb6 13. Qc2 Bd7 14. Nd2 a5 15. b3 Ne8 16. Rab1 f5 17. exf5 Bxf5 18. Bd3 Qe7 19. f3 Nd7 20. Nde4 h6 21. Ng3 Bxd3 22. Qxd3 g5 23. Nf5 Qf7 24. Nxg7 Kxg7 25. Ne4 Qg6 26. b4 axb4 27. axb4 b6 28. bxc5 bxc5 29. Rb7 Rf7 30. Qb3 Ndf6 31. Ng3 Ra7 32. Rxa7 Rxa7 33. Bd2 Nh5 34. Ne4 Nf4 35. Bxf4 gxf4 36. Re1 Qf7 37. Rb1 1/2-1/2

[Event "CYCC U16"]
[Site "Victoria CAN"]
[Date "2009.07.21"]
[Round "2"]
[White "Fan, Brendan"]
[Black "Nadeau, Emmanuel"]
[Result "1-0"]
[WhiteElo "2006"]
[BlackElo "1734"]
[PlyCount "51"]
[GameId "2160767910093886"]
[EventDate "2009.07.21"]
[EventType "swiss"]
[EventRounds "7"]
[EventCountry "CAN"]
[SourceTitle "hb 2009.10"]

1. e4 c5 2. Nc3 e6 3. f4 Nc6 4. Nf3 d6 5. Bc4 Be7 6. O-O Nf6 7. d3 a6 8. a3 O-O 9. e5 dxe5 10. fxe5 Nd5 11. Qe2 b5 12. Ba2 Qd7 13. Ne4 Bb7 14. Qf2 Rac8 15. Qg3 f6 16. Bh6 Rf7 17. exf6 Nxf6 18. Rae1 Nxe4 19. Rxe4 Nd8 20. Ne5 Rxf1+ 21. Kxf1 Bd6 22. Nxd7 Bxg3 23. Rg4 Rc7 24. Rxg7+ Kh8 25. Re7 Kg8 26. Nf6+ 1-0

[Event "CYCC U16"]
[Site "Victoria CAN"]
[Date "2009.07.21"]
[Round "2"]
[White "Geng, Tian Tian"]
[Black "Szalay, Karoly"]
[Result "1-0"]
[WhiteElo "1219"]
[BlackElo "2273"]
[PlyCount "57"]
[GameId "2160767910093887"]
[EventDate "2009.07.21"]
[EventType "swiss"]
[EventRounds "7"]
[EventCountry "CAN"]
[SourceTitle "EXT 2011"]
[Source "ChessBase"]
[SourceDate "2011.11.26"]
[SourceVersion "1"]
[SourceVersionDate "2011.11.26"]
[SourceQuality "1"]

1. e4 e5 2. Nf3 Nc6 3. d4 exd4 4. Bc4 d6 5. Ng5 Ne5 6. Qxd4 h6 7. Nf3 Qf6 8. Nxe5 dxe5 9. Qc3 Bd6 10. Bb5+ Kf8 11. O-O g5 12. Be3 c6 13. Rd1 Ne7 14. Be2 Kg7 15. Bc5 Bc7 16. Nd2 Ng6 17. Nc4 Be6 18. g3 Rhd8 19. Rd3 Rxd3 20. cxd3 Qd8 21. Rd1 f5 22. exf5 Bxf5 23. d4 exd4 24. Rxd4 Qf6 25. Bd3 Bxd3 26. Rd7+ Ne7 27. Rxe7+ Kg6 28. Qxd3+ Kh5 29. Rxc7 1-0

[Event "CYCC U16"]
[Site "Victoria CAN"]
[Date "2009.07.21"]
[Round "2"]
[White "Huang, Richard"]
[Black "Wang, Jesse BJ"]
[Result "0-1"]
[WhiteElo "2043"]
[BlackElo "1980"]
[PlyCount "30"]
[GameId "2160767910093888"]
[EventDate "2009.07.21"]
[EventType "swiss"]
[EventRounds "7"]
[EventCountry "CAN"]
[SourceTitle "hb 2009.10"]

1. d4 d5 2. c4 c6 3. Nf3 Nf6 4. e3 e6 5. Nc3 Nbd7 6. Qc2 Bd6 7. Bd3 O-O 8. O-O dxc4 9. Bxc4 e5 10. Rd1 Qe7 11. Bd3 Re8 12. Bf1 e4 13. Nd2 Bxh2+ 14. Kxh2 Ng4+ 15. Kg3 Qe5+ 0-1